| 000 | 00706nam a2200229 a 4500 | ||
|---|---|---|---|
| 001 | 23378 | ||
| 003 | BD-RjUL | ||
| 005 | 20211209000925.0 | ||
| 008 | 140310s1955 enkbc 00010 eng d | ||
| 035 | _a(BD-RjUL)23443 | ||
| 040 |
_aANL _cANL _beng |
||
| 041 | _aeng | ||
| 082 | 0 | 0 |
_a275.15 _bBUW 1955 |
| 100 | 1 |
_aBull, Geoffrey T. _q(Geoffrey Taylor), _d1921- _971999 |
|
| 245 | 1 | 0 |
_aWhen iron gates yield / _cby Geoffrey T. Bull. |
| 260 |
_aLondon : _bHodder & Stoughton, _c1955. |
||
| 300 |
_a254 p. : _bmaps, ports. ; _c21 cm. |
||
| 500 | _aMap on lining papers. | ||
| 650 | 0 |
_aMissions _zChina _zTibet Autonomous Region. _972000 |
|
| 650 | 0 |
_aMissionaries _zEngland _xBiography. _972001 |
|
| 942 |
_2ddc _cBK |
||
| 999 |
_c23378 _d23378 |
||